<?xml version="1.0" encoding="UTF-8"?>
<marc:record xmlns:marc="http://www.loc.gov/MARC21/slim">
   <marc:leader>00000nam a2200000 a 4500</marc:leader>
   <marc:datafield ind1="1" ind2=" " tag="100">
      <marc:subfield code="a">Schutte, Jan Paul</marc:subfield>
      <marc:subfield code="4">aut</marc:subfield>
      <marc:subfield code="e">Verfasser/-in</marc:subfield>
   </marc:datafield>
   <marc:datafield ind1="1" ind2=" " tag="100">
      <marc:subfield code="a">Riet, Arie van't</marc:subfield>
      <marc:subfield code="4">aut</marc:subfield>
      <marc:subfield code="e">Verfasser/-in</marc:subfield>
   </marc:datafield>
   <marc:datafield ind1="1" ind2=" " tag="100">
      <marc:subfield code="a">Erdmann, Birgit</marc:subfield>
      <marc:subfield code="4">aut</marc:subfield>
      <marc:subfield code="e">Verfasser/-in</marc:subfield>
   </marc:datafield>
   <marc:datafield ind1=" " ind2=" " tag="653">
      <marc:subfield code="a">Tierwelt</marc:subfield>
   </marc:datafield>
   <marc:datafield ind1=" " ind2=" " tag="653">
      <marc:subfield code="a">Röntgenbilder</marc:subfield>
   </marc:datafield>
   <marc:datafield ind1=" " ind2=" " tag="653">
      <marc:subfield code="a">Sachbuch</marc:subfield>
   </marc:datafield>
   <marc:datafield ind1=" " ind2=" " tag="653">
      <marc:subfield code="a">Pflanzen</marc:subfield>
   </marc:datafield>
   <marc:datafield ind1="0" ind2="0" tag="245">
      <marc:subfield code="a">Nette Skelette</marc:subfield>
   </marc:datafield>
   <marc:datafield ind1="0" ind2="0" tag="245">
      <marc:subfield code="b">Röntgenbilder von Tieren und Pflanzen</marc:subfield>
   </marc:datafield>
   <marc:datafield ind1="0" ind2="0" tag="245">
      <marc:subfield code="c">Jan Paul Schutte ; Arie van't Riet ; Birgit Erdmann. Jan Paul Schutte ; Arie van't Riet ; Birgit Erdmann ; Verena Kiefer</marc:subfield>
   </marc:datafield>
   <marc:datafield ind1=" " ind2="1" tag="264">
      <marc:subfield code="a">München</marc:subfield>
      <marc:subfield code="b">mixtvision</marc:subfield>
      <marc:subfield code="c">2020</marc:subfield>
   </marc:datafield>
   <marc:datafield ind1="1" ind2=" " tag="520">
      <marc:subfield code="a">Quelle: STUBE (http://www.stube.at/); #Seitenweise 2020#Das gab es noch kaum: Ein Sachbuch, in dem nicht nur die Informationsvermittlung (in diesem Fall verschiedene Tierarten), sondern vor allem die Gestaltungsform und die technischen Produktionsprozesse im Zentrum stehen. Denn: Die Bilder in diesem Buch sind nicht gezeichnet, gemalt oder collagiert, sondern bestehen aus filigranen monochromen Röntgenaufnahmen von Tierskeletten, die am Computer punktuell nachkoloriert wurden. In naturwissenschaftlicher Genauigkeit und mit großem künstlerischem Anspruch eröffnen die Bilder einen einzigartigen Blick ins Innere der Tiere. Der mit Wortwitz und spannenden Details gespickte Sachtext listet keine Hard Facts auf, sondern erzählt kurzweilige, anekdotische Geschichten und enthält dennoch eine Fülle an aufschlussreichen Informationen.#*STUBE*</marc:subfield>
   </marc:datafield>
   <marc:datafield ind1=" " ind2=" " tag="020">
      <marc:subfield code="a">9783958541580</marc:subfield>
      <marc:subfield code="9">9783958541580</marc:subfield>
   </marc:datafield>
   <marc:datafield ind1=" " ind2=" " tag="041">
      <marc:subfield code="a">ger</marc:subfield>
   </marc:datafield>
   <marc:datafield ind1=" " ind2=" " tag="300">
      <marc:subfield code="a">126 S.</marc:subfield>
   </marc:datafield>
</marc:record>
